Serdülőkori csoporthatások finomelemzése

Elmentve itt :
Bibliográfiai részletek
Szerzők: Skultéti D
Pikó Bettina
Dokumentumtípus: Cikk
Megjelent: 2006
Sorozat:MÁTRIX (MAGYAR CSOPORT-PSZICHOTERÁPIÁS EGYESÜLET)
Tárgyszavak:
mtmt:1759545
Online Access:http://publicatio.bibl.u-szeged.hu/30721
LEADER 00664nab a2200205 i 4500
001 publ30721
005 20241018083433.0
008 241018s2006 hu o 000 hun d
024 7 |a 1759545  |2 mtmt 
040 |a SZTE Publicatio Repozitórium  |b hun 
041 |a hun 
100 1 |a Skultéti D 
245 1 0 |a Serdülőkori csoporthatások finomelemzése  |h [elektronikus dokumentum] /  |c  Skultéti D 
260 |c 2006 
300 |a 9 
300 |a 18-26 
490 0 |a MÁTRIX (MAGYAR CSOPORT-PSZICHOTERÁPIÁS EGYESÜLET) 
650 4 |a Klinikai orvostan 
700 0 1 |a Pikó Bettina  |e aut 
856 4 0 |u http://publicatio.bibl.u-szeged.hu/30721/1/aok_klny_676_06.pdf  |z Dokumentum-elérés